'S' TV Shows by Picture Quiz Stats

Quiz Updated Jan 4, 2017

Challenge
Share
Tweet
Score 0/20 Timer 05:00
5 Plays Today
Location Show % Correct
The Simpsons
99.5%
SpongeBob SquarePants
98.8%
The Smurfs
97.4%
Star Trek
96%
South Park
94.3%
Scrubs
91.7%
Seinfeld
91.3%
Sex and the City
89.6%
Saturday Night Live
86.9%
Saved by the Bell
77%
Location Show % Correct
Sabrina the Teenage Witch
76.9%
Sopranos
75.2%
Survivor
71%
Sister, Sister
69.3%
Smallville
67.7%
Sanford and Son
59%
Sons of Anarchy
58.8%
Spin City
56%
So You Think You Can Dance
55.9%
Six Feet Under
44.5%

You're not logged in!

Compare scores with friends on all Sporcle quizzes.
Sign Up with Email
OR
Log In

You Might Also Like...

Show Comments

Extras

Top Quizzes Today


Score Distribution

Your Account Isn't Verified!

In order to create a playlist on Sporcle, you need to verify the email address you used during registration. Go to your Sporcle Settings to finish the process.